Estimation of pesticide demand: an evalution of methodologies (Record no. 13742)
[ view plain ]
| 000 -LEADER | |
|---|---|
| fixed length control field | 00601nam a2200193Ia 4500 |
| 082 ## - DEWEY DECIMAL CLASSIFICATION NUMBER | |
| Classification number | 338.476318 PAT-; |
| 100 ## - MAIN ENTRY--AUTHOR NAME | |
| Personal name | Patel, G.A |
| 245 #0 - TITLE STATEMENT | |
| Title | Estimation of pesticide demand: an evalution of methodologies |
| 260 ## - PUBLICATION, DISTRIBUTION, ETC. (IMPRINT) | |
| Place of publication | New Delhi |
| Name of publisher | Oxford & IBH Publishing |
| Year of publication | 1983 |
| 300 ## - PHYSICAL DESCRIPTION | |
| Number of Pages | 123p. |
| 440 ## - SERIES STATEMENT/ADDED ENTRY--TITLE | |
| Title | CMA Monography; 97 |
| 650 ## - SUBJECT ADDED ENTRY--TOPICAL TERM | |
| Topical Term | Agricultural chemicals - Enviromental aspects - India |
| 650 ## - SUBJECT ADDED ENTRY--TOPICAL TERM | |
| Topical Term | Pesticides - India |
| 650 ## - SUBJECT ADDED ENTRY--TOPICAL TERM | |
| Topical Term | Agricultural productivity - India |
| 650 ## - SUBJECT ADDED ENTRY--TOPICAL TERM | |
| Topical Term | Agriculture - Economic aspects - India |
| 700 ## - ADDED ENTRY--PERSONAL NAME | |
| Personal name | Pichholiya,K R |
| 700 ## - ADDED ENTRY--PERSONAL NAME | |
| Personal name | Srinivastava, U K |
| 942 ## - ADDED ENTRY ELEMENTS (KOHA) | |
| Koha item type | Books |
| Withdrawn status | Lost status | Damaged status | Not for loan | Home library | Current library | Date acquired | Bill Date | Full call number | Accession Number | Price effective from | Koha item type |
|---|---|---|---|---|---|---|---|---|---|---|---|
| NASSDOC Library | NASSDOC Library | 08/06/2004 | 2004-10-22 | 338.476318 PAT-; | 16371 | 18/04/2019 | Books |
